German Navy warships, 1939-1945 /

Bibliographic Details
Main Author: Blundell, Walter Derek George
Format: Book
Language:English
Published: New Malden : Almark Publishing Co. Ltd, 1972.
Subjects:

MARC

Tag First Indicator Second Indicator Subfields
LEADER 00000cam a2200000 4500
001 in00001410133
005 20151020060903.0
008 720707s1972 enkae 000 0 eng
010 |a  72182100  
015 |a B72-06650 
020 |a 0855240547 
020 |a 0855240555 (pbk.) 
035 |a (OCoLC)00379969 
035 |9 AHN8095AM 
040 |a DLC  |c DLC  |d TXA  |d UtOrBLW 
043 |a e-gx--- 
049 |a TXAM 
050 0 0 |a VA513  |b .B55 
082 0 0 |a 623.82/5/0943 
100 1 |a Blundell, Walter Derek George. 
245 1 0 |a German Navy warships, 1939-1945 /  |c [by] W. D. G. Blundell. 
264 1 |a New Malden :  |b Almark Publishing Co. Ltd,  |c 1972. 
300 |a 87 pages :  |b illustrations, plans. ;  |c 22 cm. 
336 |a text  |b txt  |2 rdacontent 
337 |a unmediated  |b n  |2 rdamedia 
338 |a volume  |b nc  |2 rdacarrier 
610 1 0 |a Germany.  |b Kriegsmarine. 
650 0 |a Warships  |z Germany. 
650 0 |a Warships. 
948 |a c:MH 
999 |a MARS 
999 f f |s 0777ed2a-8330-30a1-93ae-3c6c36d16a10  |i 575c9761-a64b-3813-8ec5-dad4922f5c2c  |t 0 
952 f f |p noncirc  |a Texas A&M University  |b College Station  |c Cushing Memorial Library & Archives  |d Cushing: Ragan Military (Does not check out)  |t 0  |e VA513 .B55 1972  |h Library of Congress classification  |i unmediated -- volume 
998 f f |a VA513 .B55 1972  |t 0  |l Cushing: Ragan Military (Does not check out)